New Zealand Cricketers by Clue - Statistics

General Stats
  • This quiz has been taken 201 times
  • The average score is 8 of 15
Answer Stats
clue player % Correct
Who is pictured? Trent Boult
80%
Scored NZ's first test triple-century, 302 v India in 2014 Brendon McCullum
76%
More famous as a spin bowler, despite his 6 Test centuries Daniel Vettori
74%
Has a NZ record 67 T20 wickets (67, including a hat-trick) Tim Southee
69%
Scored 7172 test runs, a NZ record Stephen Fleming
66%
Fast bowler Chris's fast-bowling father Lance Cairns
64%
Martin, one partner in the then-world record 467-run 3rd wkt partnership Martin Crowe
63%
Wicketkeeper with most test dismissals (214) BJ Watling
62%
Scored the match-winning six in the 2015 World Cup semi-final Grant Elliott
60%
Walter's son, Dayle's brother, and NZ's first cricketing knight Richard Hadlee
57%
Andrew, the other partner in that same partnership Andrew Jones
43%
Brilliant left-hand batsman in the 1940s and 1950s Bert Sutcliffe
32%
Leading 1970's wicketkeeper before dying from cancer aged 29 Ken Wadsworth
26%
Both these batsman scored 6 test centuries, and have the same name John Reid
22%
Scored NZ's first test double-century, 206 v England in 1949 Martin Donnelly
19%
No matching quizzes found
Score Distribution
Percent of People with Each Score
Percentile by Number Answered
Your Score History
You have not taken this quiz